000 00670nam a2200277Ia 4500
005 20260324134411.0
008 008 260324s9999 xx 000 0 eng d
020 _a9780203827161
037 _aEBOOK
040 _aCRL
040 _beng
040 _cCRL
041 _2eng
041 _aeng
084 _qCRL
100 _aJerrold Schneider
_91196669
245 0 _aCampaign Finance Reform and the Future of the Democratic Party
260 _bTaylor and Francis
260 _c2002
365 _a
365 _b95.99
856 _uhttp://www.taylorfrancis.com/books/9780203827161
942 _cEBOOK
999 _c1796734
_d1796734